Farm wars : (Record no. 8891)

MARC details
000 -LEADER
fixed length control field 00615nam a22002057a 4500
003 - CONTROL NUMBER IDENTIFIER
control field OSt
005 - DATE AND TIME OF LATEST TRANSACTION
control field 20240626110416.0
008 - FIXED-LENGTH DATA ELEMENTS--GENERAL INFORMATION
fixed length control field 240626b |||||||| |||| 00| 0 eng d
020 ## - INTERNATIONAL STANDARD BOOK NUMBER
International Standard Book Number 0333665996
040 ## - CATALOGING SOURCE
Transcribing agency MUST
082 ## - DEWEY DECIMAL CLASSIFICATION NUMBER
Classification number 541.3 LEL 2000
100 ## - MAIN ENTRY--PERSONAL NAME
Relator code Wolfe, Robert
245 ## - TITLE STATEMENT
Title Farm wars :
Remainder of title the political economy of agriculture and the international trade regime /
Statement of responsibility, etc. Robert Wolfe
260 ## - PUBLICATION, DISTRIBUTION, ETC. (IMPRINT)
Place of publication, distribution, etc. London
Name of publisher, distributor, etc. Macmillan
Date of publication, distribution, etc. 2000
300 ## - PHYSICAL DESCRIPTION
Extent xix, 235p.:
Other physical details ill .;
Dimensions 20 cm.
504 ## - BIBLIOGRAPHY, ETC. NOTE
Bibliography, etc Includes bibliographical references and index
650 ## - SUBJECT ADDED ENTRY--TOPICAL TERM
Topical term or geographic name as entry element Agriculture
9 (RLIN) 4591
650 ## - SUBJECT ADDED ENTRY--TOPICAL TERM
Topical term or geographic name as entry element Farms
9 (RLIN) 17971
942 ## - ADDED ENTRY ELEMENTS (KOHA)
Source of classification or shelving scheme Dewey Decimal Classification
Koha item type Open Shelf
Holdings
Withdrawn status Lost status Source of classification or shelving scheme Damaged status Not for loan Home library Current library Date acquired Source of acquisition Inventory number Total Checkouts Full call number Barcode Date last seen Price effective from Koha item type
    Dewey Decimal Classification     MUST Main Library MUST Main Library 26/06/2024 Donation 2003/18945   541.3 LEL 2000 2024-21385 26/06/2024 26/06/2024 Open Shelf
    Dewey Decimal Classification     MUST Main Library MUST Main Library 04/07/2024 Purchase 03/18946   541.3 LEL 2000 2024-21782 04/07/2024 04/07/2024 Open Shelf